<?xml version="1.0" encoding="utf-8"?>
<?xml-stylesheet type='text/xsl' href='./oai2.xsl'?>
<OAI-PMH xmlns="http://www.openarchives.org/OAI/2.0/" xmlns:xsi="http://www.w3.org/2001/XMLSchema-instance" xsi:schemaLocation="http://www.openarchives.org/OAI/2.0/ http://www.openarchives.org/OAI/2.0/OAI-PMH.xsd">
  <responseDate>2026-06-06T21:30:42Z</responseDate>
  <request verb="GetRecord" metadataPrefix="marcxml" identifier="record_kuniweb_399722">https://kulturerbe.niedersachsen.de/oai</request>
  <GetRecord>
    <record>
      <header>
        <identifier>record_kuniweb_399722</identifier>
        <datestamp>2026-03-31T19:09:18Z</datestamp>
        <setSpec>slg0186</setSpec>
      </header>
      <metadata>
        <marc:record xmlns:marc="http://www.loc.gov/MARC21/slim" xsi:schemaLocation="http://www.loc.gov/MARC21/slim http://www.loc.gov/standards/marcxml/schema/MARC21slim.xsd">
          <marc:leader>12345nrm  22     uu 4500</marc:leader>
          <marc:controlfield tag="001">399722</marc:controlfield>
          <marc:controlfield tag="003">http://kuniweb.gbv.de</marc:controlfield>
          <marc:controlfield tag="005">2024-08-27T11:49:20</marc:controlfield>
          <marc:controlfield tag="008">|           ||||||||||||||||||||||</marc:controlfield>
          <marc:datafield tag="245" ind1="1" ind2="0">
            <marc:subfield code="a">Patene (Abendmahlsteller)</marc:subfield>
          </marc:datafield>
          <marc:datafield tag="700" ind1="1" ind2=" ">
            <marc:subfield code="a">Frantz Eimke</marc:subfield>
            <marc:subfield code="e">HerstellerIn</marc:subfield>
          </marc:datafield>
          <marc:datafield tag="655" ind1=" " ind2="7">
            <marc:subfield code="a">Kunsthandwerk</marc:subfield>
          </marc:datafield>
          <marc:datafield tag="046" ind1=" " ind2=" ">
            <marc:subfield code="k">1587</marc:subfield>
            <marc:subfield code="k">1587</marc:subfield>
          </marc:datafield>
          <marc:datafield tag="260" ind1=" " ind2=" ">
            <marc:subfield code="g">1587</marc:subfield>
            <marc:subfield code="g">1587</marc:subfield>
          </marc:datafield>
          <marc:datafield tag="300" ind1=" " ind2=" ">
            <marc:subfield code="a">Höhe: 1 cm
Durchmesser: 15 cm</marc:subfield>
          </marc:datafield>
          <marc:datafield tag="520" ind1=" " ind2=" ">
            <marc:subfield code="a">Flache Patene in Tellerform mit Spiegel und Fahne. Auf der Fahne ein von Doppellinien eingefasstes Kreisfeld mit einem gleichschenkligen Kreuz vor schraffiertem Grund. Rechts vom Medaillon beginnt die dreizeilige Stiftungsinschrift.
Auf der Unterseite sind im Bereich der Fahne in einer Kreislinie, aber in unregelmäßigen Abstand, kleine Schmuckpunzen eingeschlagen. (Städtisches Museum Braunschweig)

Gravur:
" ° ANNO ° 1 ° 5 ° 8 ° 7 ° HAT ° DON9 ° NICOLAUS ° CAESAR ° PASTOR ° VUNDT ° ANDRES ° MERDORP ° EBELINCK ° SALCKMAN ° ALTER ° LEVTHE // ZV ° HOTZEM ° DEISEN ° KELCH ° MIT ° DER PATEN ° GEKAVET ° VAN FRANS ° EIMKE ° GOLDTSMID ° ZV ° BRUNSWICK VOR // ° 8 ° THALER" (Umschrift auf der Fahne)

Gebrauchsort:
Hötzum

Veröffentlicht in:
M. Wandersleb, „Erbe und Auftrag der Reformation Vier Jahrhunderte lutherische Landeskirche in Braunschweig ; [Reformationsausstellung, Braunschweig 1968] ; Ausstellung im Städtischen Museum, Braunschweig, 3. September 1968 - 31. Oktober 1968 ; [Ausstellungskatalog]“. Städt. Museum, Braunschweig, 1968. (S. 50.)

Veröffentlicht in:
G. Spies, „Braunschweiger Goldschmiede Geschichte, Werke, Meister und Marken“. Klinkhardt &amp; Biermann, MÜnchen [u.a], 1996. (Bd. 2, S. 49, Abb. 135, u. Bd. 3, S. 69, Nr. 326.1 (mit älterer Lit.).)</marc:subfield>
          </marc:datafield>
          <marc:datafield tag="500" ind1=" " ind2=" ">
            <marc:subfield code="a">Tausch

Juni 1938</marc:subfield>
          </marc:datafield>
          <marc:datafield tag="650" ind1="1" ind2=" ">
            <marc:subfield code="a">Behältnis, Hülle &gt; Behältnis &gt; Gefäß &gt; Gefäßsonderform &gt; Vasa Sacra &gt; Patene</marc:subfield>
          </marc:datafield>
          <marc:datafield tag="650" ind1="1" ind2=" ">
            <marc:subfield code="a">Gebrauchsgegenstand</marc:subfield>
          </marc:datafield>
          <marc:datafield tag="650" ind1="1" ind2=" ">
            <marc:subfield code="a">Abendmahlsgerät/Messgerät</marc:subfield>
          </marc:datafield>
          <marc:datafield tag="773" ind1="0" ind2=" ">
            <marc:subfield code="t">Sammlung Kunstgewerbe</marc:subfield>
          </marc:datafield>
          <marc:datafield tag="852" ind1=" " ind2=" ">
            <marc:subfield code="a">Städtisches Museum Braunschweig</marc:subfield>
          </marc:datafield>
          <marc:datafield tag="852" ind1=" " ind2=" ">
            <marc:subfield code="a">Braunschweig</marc:subfield>
          </marc:datafield>
          <marc:datafield tag="" ind1=" " ind2=" ">
            <marc:subfield code="a">Namensnennung - Nicht kommerziell - Keine Bearbeitungen 4.0 International (CC BY-NC-ND 4.0)</marc:subfield>
          </marc:datafield>
        </marc:record>
      </metadata>
    </record>
  </GetRecord>
</OAI-PMH>
